| 000 | 01467nam a22004577a 4500 | ||
|---|---|---|---|
| 001 | BR2012006360 | ||
| 003 | BR-BrBNA | ||
| 005 | 20230928104049.0 | ||
| 007 | ta | ||
| 008 | 230509b bl.||||| |||| 00| 0 por d | ||
| 040 |
_aBR-BrBNA _bpor _cBiblioteca Nacional de Agricultura |
||
| 041 | _a(Por) | ||
| 072 |
_aE14 _b0600 |
||
| 090 | _ 0600 BR2012006360 | ||
| 110 | 1 |
_aMinistério da Agricultura e do Abastecimento, Brasília, DF (Brasil). Secretaria de Desenvolvimento Rural _96734 |
|
| 110 | 1 | _aAssociação dos Produtores e Exportadores de Hortigranjeiros e Derivados do Vale do São Francisco, Petrolina, PE (Brasil) | |
| 245 | 1 |
_aProjeto de apoio ao planejamento do desenvolvimento da fruticultura irrigada do Estado da Bahia _bRevisado |
|
| 260 | 3 |
_aBrasília, DF (Brasil): _c1998. |
|
| 300 | _av. 1-3 | ||
| 650 | _aCOMÉRCIO EXTERIOR | ||
| 650 | _aFRUTICULTURA | ||
| 650 | _aBAHIA | ||
| 650 | _aMERCADO | ||
| 650 | _aDESENVOLVIMENTO ECONÔMICO | ||
| 650 | _aPRODUÇÃO AGRÍCOLA | ||
| 650 | _aRECURSO HÍDRICO | ||
| 650 | _aZONEAMENTO ECOLÓGICO | ||
| 650 | _aARMAZENAMENTO | ||
| 650 | _aTRANSPORTE | ||
| 650 | _aCOMUNICAÇÃO | ||
| 650 | _aENERGIA | ||
| 650 | _aCOMERCIALIZAÇÃO | ||
| 650 | _aPROJETO DE DESENVOLVIMENTO | ||
| 650 | _aNORMALIZAÇÃO | ||
| 650 | _aLEGISLAÇÃO | ||
| 650 | _aIMPACTO AMBIENTAL | ||
| 650 | _aFINANCIAMENTO | ||
| 650 | _aGESTÃO | ||
| 909 |
_a202309 _bLucia _c55 _dLucia Elande |
||
| 942 | _cBK | ||
| 999 |
_c77935 _d77935 |
||